March madness sweet 16 teams 2025 - Statistics

General Stats
  • This quiz has been taken 198 times
  • The average score is 13 of 16
Answer Stats
Answer % Correct
College Duke
99%
College Houston
97%
College Auburn
96%
College Florida
96%
College Michigan
91%
College Alabama
86%
College Michigan st
86%
College Arkansas
84%
College Tennessee
84%
College Texas Tech
83%
College Purdue
77%
College BYU
76%
College Kentucky
76%
College Arizona
75%
College Maryland
73%
College Ole miss
70%
No matching quizzes found
Score Distribution
Percent of People with Each Score
Percentile by Number Answered
Your Score History
You have not taken this quiz